000 01503nam a2200445 c 4500
001 52049
003 ES-MaCES
005 20220805142720.0
007 cr |||||||||||
008 211216s2021 sp | |||| 000 0 spa
017 _aC 1769-2021
_bDL
020 _a9788413593524
040 _aES-MaCES
_bspa
_cES-MaCES
245 0 0 _aProtección de datos personales en internet
_b: guia sobre la privacidad de los datos personales en internet
_cobra realizada por del Dpto. de Documentación de Iberley ; col., Iria Pérez Golpe
250 _a1ª ed
260 _aA Coruña
_bColex
_c2021
300 _a146 p.
_c24 cm
500 _aPublicación en formato DÚO (papel + libro ectrónico). Disponible en formato electrónico en COLEX Online
500 _aÍndices
541 0 _cCompra
650 4 _aInternet
_930572
650 4 _ared social
_930592
650 4 _aprotección de los datos
_929496
650 4 _adivulgación de la información
_929540
650 4 _avida privada
_929238
650 4 _aconfidencialidad
_929005
650 4 _adelito
_927046
650 4 _aderecho civil
_927156
650 4 _acódigo penal
_930032
650 4 _aderecho jurisprudencial
_929863
650 4 _aEspaña
_926964
650 4 _aformulario
_931568
650 4 _arégimen jurídico
_929894
653 _aDerecho civil
700 1 _aPérez Golpe, Iria
_940132
_ecol.
710 2 _aIberley
_940133
856 4 _uhttps://www.colex.es
_zCOLEX
902 _aLIB Libro
942 _2CES
_cBK
_h6.0.7.
999 _c52049
_d52049